[Event "Turkey IS Bank Super League 2017"]
[Site "Darica-Kocaeli"]
[Date "2017.07.27"]
[Round "2.43"]
[White "Karatekin, Tamer"]
[Black "Krasenkow, Michal"]
[Result "0-1"]
[WhiteElo "2287"]
[BlackElo "2630"]
[Annotator "TA"]
[PlyCount "74"]
[EventType "team-tourn"]
[EventCountry "TUR"]
[SourceTitle "playchess.com"]
[Source "ChessBase"]
[SourceQuality "1"]

{[%evp 9,74,33,41,33,60,12,38,47,59,53,75,15,42,-39,-44,-50,-32,-32,-25,-27,-35,-141,-141,-128,-133,-154,-156,-158,-157,-172,-170,-181,-159,-240,-231,-254,-252,-255,-235,-500,-509,-511,-510,-511,-487,-503,-500,-493,-484,-484,-488,-558,-556,-572,-582,-720,-720,-695,-686,-870,-895,-1201,-1191,-1187,-1160,-29991,-29992]} 1. c4 e5 2. g3 c6 3. d4 Bb4+ (3... e4 4. Nc3 d5 5. Bg2 Nf6 6. cxd5 cxd5 7. Bg5 Nbd7 8. Qb3 Bd6 9. Nh3 h6 10. Bf4 Nb6 11. Be5 {1-0 (44) Adams,M (2751)-Sethuraman,S (2637) Caleta 2017}) 4. Bd2 Bxd2+ 5. Qxd2 e4 6. d5 {A20: English Opening: 1...e5} cxd5 7. cxd5 d6 8. Nc3 {White is slightly better.} Nf6 $146 ({Predecessor:} 8... f5 9. Nh3 Nf6 10. Rc1 O-O 11. Nf4 {1-0 (57) Hansch,S (2085)-Fricke,M (1813) GER email 2010}) 9. Bg2 Bf5 10. Nh3 (10. Qf4 $16 Bg6 11. Nh3 (11. Bxe4 Nxe4 12. Nxe4 O-O $14)) 10... O-O 11. O-O (11. Ng5 $14) 11... h6 $15 12. Nf4 g5 13. Nh3 Re8 14. f3 Qb6+ 15. Kh1 {[#]} ({White should play} 15. e3 $15) 15... e3 $1 $17 {[%cal Re3d2]} 16. Qc1 Nbd7 17. g4 Bg6 18. f4 Nxg4 19. fxg5 hxg5 20. Nxg5 Nf2+ 21. Kg1 (21. Rxf2 $17 exf2 22. Qd2) 21... Rac8 $19 22. Nh3 {[#]} Nd3 $1 {[%mdl 512]} 23. exd3 {And now Kh1 would win.} e2+ 24. Rf2 $2 (24. Kh1 exf1=N 25. Bxf1) 24... e1=Q+ 25. Qxe1 Rxe1+ 26. Rxe1 Ne5 {[%cal Bd7e5,Be5g4,Bg4f2][%mdl 32]} 27. Nf4 Ng4 28. Ree2 Nxf2 29. Rxf2 Qe3 30. Bh3 Re8 31. Bg4 Bxd3 32. Nh5 Re5 33. Nf6+ Kg7 {Strongly threatening ...Rg5.} 34. Nh5+ Kh6 35. Ng3 f5 {[%cal Bf7f5,Bf5f4][%mdl 32]} 36. Bf3 f4 37. Nge2 Rg5+ {Precision: White = 31%, Black = 73%.} 0-1

[Event "Turkey IS Bank Super League 2017"]
[Site "Darica-Kocaeli"]
[Date "2017.07.27"]
[Round "2.44"]
[White "Esen, Baris"]
[Black "Yelken, Mustafa"]
[Result "1-0"]
[WhiteElo "2528"]
[BlackElo "2171"]
[Annotator "TA"]
[PlyCount "73"]
[EventType "team-tourn"]
[EventCountry "TUR"]
[SourceTitle "playchess.com"]
[Source "ChessBase"]
[SourceQuality "1"]

{[%evp 17,73,35,43,37,46,22,25,23,48,48,50,56,47,51,56,47,57,48,45,43,47,42,43,47,43,37,39,40,75,67,75,77,76,80,108,84,86,87,108,75,104,111,277,277,316,316,345,337,410,373,354,327,401,377,400,374,29987,29988]} 1. Nf3 d5 2. d4 Nf6 3. c4 e6 4. Nc3 Be7 5. g3 O-O 6. Bg2 c5 7. cxd5 Nxd5 8. O-O Nxc3 9. bxc3 Nc6 {LiveBook: 55 Games} 10. Re1 $146 {A34: Symmetrical English: 2 Nc3, lines with ...d5} ({Find the theoretical novelty and annotate with similar games:} 10. Rb1 Qc7 11. Bf4 Bd6 12. Bxd6 Qxd6 13. Qa4 cxd4 14. Nxd4 Nxd4 15. cxd4 Rd8 16. e3 h5 17. Bxb7 Bxb7 18. Rxb7 {½-½ (31) Reinderman,D (2592)-Ikonnikov,V (2518) Netherlands 2016}) 10... Re8 11. e4 cxd4 12. cxd4 {[%cal Bc3d4,Bd4d5][%mdl 32] White has an edge.} Bb4 13. Bd2 Bxd2 14. Qxd2 e5 {[%cal Re5d4]} 15. d5 Na5 $1 16. Qc3 f6 17. Nd2 Bd7 18. Bf1 b6 19. Ba6 Bc8 20. Bb5 Bd7 21. Qb4 Bxb5 22. Qxb5 Qd6 23. Rec1 Rec8 24. Nb3 Nxb3 25. axb3 {And now Rxc8+ would win.} Rc7 26. Rc6 Rxc6 27. dxc6 $16 {[%mdl 4096] Endgame KQR-KQR} ({Much worse is} 27. Qxc6 $6 Qxc6 28. dxc6 a5 $11) 27... Kf8 28. Rc1 Rc8 {[#]} 29. b4 $1 {[%cal Bb3b4,Bb4b5][%mdl 32]} Ke7 $2 (29... Qd2 $16 {might work better.} 30. Qc4 a6) 30. Qa6 $18 Rc7 31. b5 Qd2 32. Qa3+ Qd6 33. Qa1 Qd3 34. Qa4 Qd4 35. Qb3 {[#] Black must now prevent Rd1.} Qxe4 36. Qg8 Qg6 $2 (36... Qg4 $18 37. Ra1 (37. Qxh7 Kf8 $18) 37... Qe6 38. Qxg7+ Qf7) 37. Qb8 {Precision: White = 81%, Black = 50%.} 1-0

[Event "Turkey IS Bank Super League 2017"]
[Site "Darica-Kocaeli"]
[Date "2017.07.27"]
[Round "2.45"]
[White "Daulyte, Deimante"]
[Black "Muzychuk, Anna"]
[Result "1/2-1/2"]
[WhiteElo "2419"]
[BlackElo "2572"]
[Annotator "TA"]
[PlyCount "43"]
[EventType "team-tourn"]
[EventCountry "TUR"]
[SourceTitle "playchess.com"]
[Source "ChessBase"]
[SourceQuality "1"]

{[%evp 10,43,18,18,29,18,25,27,24,13,25,22,18,6,13,1,37,37,34,33,28,31,30,30,27,23,37,0,0,0,46,0,8,0,43,0]} 1. e4 e6 2. d4 d5 3. Nd2 c5 4. exd5 Qxd5 5. Ngf3 cxd4 6. Bc4 Qd7 {C07: French Tarrasch: 3...c5, 4 Ngf3 and 4 exd5 Qxd5} (6... Qd6 7. O-O Nf6 8. Nb3 Nc6 9. Nbxd4 Nxd4 10. Nxd4 a6 11. Re1 Qc7 12. Bf1 Bd6 13. Nf5 Bxh2+ 14. Kh1 Kf8 15. Qd4 exf5 16. Qxf6 h6 17. Qd4 Bd6 18. Bd2 Be6 19. Bc3 Rh7 {0-1 (48) Karjakin,S (2781)-Caruana,F (2808) Paris 2017}) 7. O-O Nc6 8. Nb3 Nf6 {White has an edge.} 9. Nbxd4 Nxd4 10. Nxd4 {[#] Bb5 is the strong threat.} a6 11. Bg5 b5 12. Bb3 {Black should prevent Bxf6.} Bb7 (12... Ne4 $5 {[%cal Re4g5]} 13. Bf4 Bc5 $11) 13. c3 Ne4 14. Qh5 $146 {And now Bxe6 would win.} ({Predecessor:} 14. Bf4) 14... g6 15. Qh4 Be7 16. Bxe7 Qxe7 17. Qh6 Qf8 18. Qf4 Qd6 19. Qh6 Qf8 20. Qf4 Qd6 21. Qh6 Qf8 $1 {[%cal Rf8h6]} 22. Qf4 {Precision: White = 48%, Black = 76%.} 1/2-1/2

[Event "Turkey IS Bank Super League 2017"]
[Site "Darica-Kocaeli"]
[Date "2017.07.27"]
[Round "2.46"]
[White "Arat, Ufuk Sezen"]
[Black "Gundogan, Cem"]
[Result "1-0"]
[WhiteElo "2400"]
[BlackElo "2062"]
[Annotator "ChessBase"]
[PlyCount "133"]
[EventType "team-tourn"]
[EventCountry "TUR"]
[SourceTitle "playchess.com"]
[Source "ChessBase"]
[SourceQuality "1"]
[TimeControl "40/5400+30:1800+30"]

1. d4 {[%emt 0:00:30]} e6 {[%emt 0:05:00]} 2. c4 {[%emt 0:01:30]} Nf6 {[%emt 0:02:30]} 3. g3 {[%emt 0:00:30]} c5 {[%emt 0:00:30]} 4. d5 {[%emt 0:00:30]} exd5 {[%emt 0:00:30]} 5. cxd5 {[%emt 0:00:30]} d6 {[%emt 0:00:30]} 6. Nc3 {[%emt 0:00:30]} g6 {[%emt 0:00:30]} 7. Bg2 {[%emt 0:00:30]} Bg7 {[%emt 0:00:30]} 8. Nf3 {[%emt 0:00:00]} O-O {[%emt 0:04:30]} 9. O-O {[%emt 0:00:00]} Re8 {[%emt 0:03:30]} 10. Bf4 {[%emt 0:00:00]} Ne4 {[%emt 0:02:30]} 11. Nxe4 {[%emt 0:00:00]} Rxe4 {[%emt 0:00:30]} 12. Nd2 {[%emt 0:00:30]} Rxf4 {[%emt 0:07:30] [%clk 1:05]} 13. gxf4 {[%emt 0:02:30]} Bxb2 {[%emt 0:03:30]} 14. Rb1 {[%emt 0:00:30]} Bg7 {[%emt 0:00:30]} 15. Re1 {[%emt 0:16:30]} Na6 {[%emt 0:02:30]} 16. e4 {[%emt 0:13:30]} Rb8 {[%emt 0:03:30]} 17. Bf1 {[%emt 0:13:30]} Nc7 {[%emt 0:17:30]} 18. Nc4 {[%emt 0:04:30]} Bd4 {[%emt 0:02:30]} 19. Na5 {[%emt 0:11:30]} Nxd5 {[%emt 0:14:30]} 20. Nc6 {[%emt 0:09:30]} bxc6 {[%emt 0:00:30]} 21. Rxb8 {[%emt 0:01:30]} Nb6 {[%emt 0:21:21]} 22. e5 {[%emt 0:01:30]} dxe5 {[%emt 0:03:05]} 23. fxe5 {[%emt 0:01:30]} Qc7 {[%emt 0:01:31]} 24. Rxc8+ {[%emt 0:00:30]} Qxc8 {[%emt 0:00:30]} 25. e6 {[%emt 0:00:30]} fxe6 {[%emt 0:01:18]} 26. Qg4 {[%emt 0:01:13]} e5 {[%emt 0:00:58]} 27. Qxc8+ {[%emt 0:04:18]} Nxc8 {[%emt 0:00:30]} 28. Rb1 {[%emt 0:00:30]} Nd6 {[%emt 0:00:30]} 29. Bg2 {[%emt 0:00:32]} c4 {[%emt 0:01:21]} 30. Bxc6 {[%emt 0:00:22]} c3 {[%emt 0:00:21]} 31. Kf1 {[%emt 0:02:22]} Kg7 {[%emt 0:00:34]} 32. Ke2 {[%emt 0:00:51]} Kf6 {[%emt 0:00:19]} 33. Kd3 {[%emt 0:02:42]} Kg5 {[%emt 0:00:30]} 34. f3 {[%emt 0:00:30]} Nf5 {[%emt 0:00:39]} 35. Rb7 {[%emt 0:01:52]} h5 {[%emt 0:00:32]} 36. Be4 {[%emt 0:02:27]} Kf6 {[%emt 0:00:30]} 37. Rc7 {[%emt 0:00:45]} Kg5 {[%emt 0:00:28]} 38. a4 {[%emt 0:01:49]} Nh4 {[%emt 0:00:14]} 39. Rc6 {[%emt 0:00:51]} Nf5 {[%emt 0:00:47]} 40. a5 {[%emt 0:01:03]} Nh4 {[%emt 0:01:02]} 41. a6 {[%emt 0:00:53]} Bg1 {[%emt 0:16:58]} 42. Rc7 {[%emt 0:02:30]} Bd4 {[%emt 0:01:00]} 43. Rg7 {[%emt 0:05:30]} Kf4 {[%emt 0:13:01]} 44. Rg8 {[%emt 0:03:30]} Kg5 {[%emt 0:00:20]} 45. Ke2 {[%emt 0:05:30]} Kf6 {[%emt 0:00:40]} 46. Rf8+ {[%emt 0:03:05]} Kg5 {[%emt 0:00:30]} 47. Kd3 {[%emt 0:00:03]} Nf5 {[%emt 0:00:29]} 48. Rf7 {[%emt 0:02:04]} Nd6 {[%emt 0:00:31]} 49. Rg7 {[%emt 0:01:13]} Nf5 {[%emt 0:00:29]} 50. Bxf5 {[%emt 0:00:24]} Kxf5 {[%emt 0:00:30]} 51. Rf7+ {[%emt 0:00:30]} Ke6 {[%emt 0:00:30]} 52. Rf8 {[%emt 0:00:30]} Bg1 {[%emt 0:00:30]} 53. h3 {[%emt 0:00:27]} Ke7 {[%emt 0:00:09]} 54. Rg8 {[%emt 0:00:52]} Kf7 {[%emt 0:00:51]} 55. Rc8 {[%emt 0:00:16]} Kf6 {[%emt 0:00:28]} 56. Ke4 {[%emt 0:01:52]} Kg5 {[%emt 0:00:33]} 57. Kxe5 {[%emt 0:00:29]} Kh4 {[%emt 0:00:12]} 58. Rxc3 {[%emt 0:02:14]} Kxh3 {[%emt 0:00:18]} 59. f4+ {[%emt 0:02:33]} Kg2 {[%emt 0:00:59]} 60. Rc6 {[%emt 0:01:32]} Bf2 {[%emt 0:00:42]} 61. Rxg6+ {[%emt 0:00:30]} Bg3 {[%emt 0:00:00]} 62. Rxg3+ {[%emt 0:00:00]} Kxg3 {[%emt 0:00:00]} 63. f5 {[%emt 0:00:00]} h4 {[%emt 0:00:00]} 64. f6 {[%emt 0:00:19]} h3 {[%emt 0:00:00]} 65. f7 {[%emt 0:00:30]} h2 {[%emt 0:00:24]} 66. f8=Q {[%emt 0:00:30]} h1=Q {[%emt 0:00:30]} 67. Qf4+ {[%emt 0:00:02]} 1-0

[Event "Turkey IS Bank Super League 2017"]
[Site "Darica-Kocaeli"]
[Date "2017.07.27"]
[Round "2.47"]
[White "Dolgun, Can"]
[Black "Gokerkan, Cem Kaan"]
[Result "1/2-1/2"]
[WhiteElo "2104"]
[BlackElo "2321"]
[Annotator "TA"]
[PlyCount "271"]
[EventType "team-tourn"]
[EventCountry "TUR"]
[SourceTitle "playchess.com"]
[Source "ChessBase"]
[SourceQuality "1"]

{[%evp 13,271,0,0,-29,-22,-40,-41,-46,-45,-48,-38,-70,-77,-100,-100,-107,-105,-91,-76,-116,-71,-100,-96,-84,-45,-49,-48,-39,-29,-108,-34,-45,-32,-20,-20,-98,-89,-76,-75,-74,0,-15,0,42,23,23,27,-39,12,14,16,2,2,2,2,2,8,14,25,6,105,104,225,233,266,255,279,144,138,156,168,165,177,162,206,158,158,116,110,49,43,52,221,213,612,610,704,681,691,553,617,562,511,366,332,307,307,300,294,292,503,485,543,543,534,527,520,517,498,492,484,450,400,285,375,372,834,702,473,521,1375,1347,1404,1375,1734,1081,1416,1412,1510,1987,1684,1927,2509,2017,1979,979,1964,1833,1687,1428,1776,1758,12848,12850,29938,29942,29944,12850,29984,29985,29986,29987,29987,29988,29988,0,29947,4145,29976,29956,29947,29941,29967,29964,29966,29969,29968,29968,29970,29971,29971,29972,29972,29971,29976,29974,29979,29980,29981,29974,29975,29976,29981,29980,29980,29974,29969,29970,29970,29973,29981,29982,29980,29981,29981,29980,29979,29975,29976,29976,29976,29975,29984,29971,29971,29973,29971,29972,29973,29975,29986,29974,29973,0,29986,4137,4141,3506,2426,2064,2064,1806,1755,1548,1290,0,777,777,777,777,777,8,8,8,8,8,8,8,8,8,8,8,8,8,8,0,8,0,0,0,0,0,0,0,0,0,0,0,0,0]} 1. e4 c5 2. Nf3 Nc6 3. Bb5 g6 4. Bxc6 bxc6 5. d3 Bg7 6. O-O Nh6 {B31: Sicilian: 2...Nc6 3 Bb5 g6} (6... d6 7. h3 e5 8. c3 Ne7 9. d4 cxd4 10. cxd4 exd4 11. Nxd4 O-O 12. Nc3 h6 13. Be3 Kh7 14. Qd2 Rb8 15. b3 {1-0 (43) Tomashevsky,E (2716)-Li,C (2720) Doha 2016}) 7. Nc3 O-O {LiveBook: 5 Games} 8. Bf4 f6 {[%cal Bf7f6,Bf6f5,Bf5f4][%mdl 32] Black has an edge.} 9. Qd2 Nf7 $1 10. Rfe1 $146 ({Find the theoretical novelty and annotate with similar games:} 10. h3 d6 11. Nh2 e5 12. Be3 f5 13. exf5 Bxf5 14. Ng4 {0-1 (43) Nowak,R (2050)-Lewtak,D (2095) Jastrzebia Gora 2016}) 10... d6 11. h3 e5 12. Be3 f5 13. Qe2 f4 14. Bd2 h5 15. Nh2 Qe8 16. Nd1 Nh6 17. f3 g5 18. Nf2 Rf6 19. a3 Rg6 20. b4 Bf6 21. c4 (21. bxc5 $11 {keeps the balance.} dxc5 22. Bc3) 21... Kh7 ({Black should try} 21... g4 $1 $17 {[%cal Rg4h3] Threatens to win with ...gxh3.} 22. hxg4 (22. fxg4 hxg4 23. hxg4 cxb4 $11) 22... hxg4 23. fxg4 (23. Nfxg4 Nxg4 24. fxg4 Bh4 $15) (23. Nhxg4 Bxg4 24. Nxg4 Nxg4 $15) 23... cxb4) 22. Bc3 Qg8 23. Reb1 Qg7 24. Rb2 (24. bxc5 $11 dxc5 25. Rb2) 24... cxb4 $17 25. axb4 g4 26. fxg4 Bh4 (26... hxg4 $17 27. Nfxg4 Nxg4 28. Nxg4 (28. hxg4 Rh6 $15) 28... Bxg4 29. hxg4 Rxg4) 27. Rba2 (27. Nf3 $5 {[%cal Rf3h4]} Bxf2+ 28. Qxf2 hxg4 29. hxg4 $11) 27... Bg3 (27... hxg4 $11 28. Nfxg4 Nxg4 29. Nxg4 Bd8) 28. g5 $14 {And now Nf3 would win.} Bxh2+ 29. Kxh2 Rxg5 30. Nh1 (30. Nd1 $11) 30... Qe7 (30... a6 $15) 31. Be1 $11 {Hoping for Bh4.} Qf7 32. Bf2 {[%cal Ra2a7]} a6 33. Bh4 $36 {[%mdl 2048] White has good play.} Rg7 34. b5 cxb5 35. cxb5 Qg6 36. bxa6 {White wants to play a7.} Rga7 (36... d5 $1 $11) 37. d4 $1 $16 exd4 (37... Nf7 $16) 38. Ra5 $18 d5 39. Rxd5 Bxa6 {[#]} 40. Qxh5 (40. Qf3 $1 $18) 40... Qxh5 $16 41. Rxh5 {Strongly threatening Rha5.} Be2 42. Rxa7+ Rxa7 43. Rd5 Ra4 44. Nf2 Nf7 45. Bf6 d3 46. e5 ({Better is} 46. Bc3 $16) 46... Kg6 $14 47. Nxd3 Re4 $2 (47... Bxd3 $14 48. Rxd3 Kf5) 48. Nc5 $18 Re3 $2 (48... Bc4) 49. e6 Nh6 50. Bd4 Bc4 51. Bxe3 Bxd5 52. Bxf4 {[%mdl 4096] Endgame KBN-KBN} Nf5 53. g4 Nd4 54. Be3 Nxe6 55. Nd3 Be4 56. Nf2 Bb1 $2 (56... Bf3 {keeps fighting.} 57. h4 Kg7) 57. h4 {[%cal Bh3h4,Bh4h5][%mdl 32]} Ng7 58. Kg3 Bc2 59. Bd4 Ne6 60. h5+ Kh7 61. Be3 Bb1 62. Nh3 Bc2 63. Ng1 Bd3 64. Nf3 Bc2 $2 (64... Be2 65. Bd2 Bd1) 65. Ne5 Bd1 66. Kh4 Ng7 67. Nc6 Ba4 68. Ne7 Bd1 69. Nd5 Ne6 70. g5 Bc2 71. Ne7 Nf8 72. Bd4 Bd3 73. Bf6 Bc2 74. Kg3 (74. Bc3 $142 Be4 75. Be5) 74... Nd7 75. Bb2 Nf8 76. Kh4 Bd3 77. Nd5 Nd7 78. Nf4 Bc2 79. g6+ Kh6 80. Bc1 (80. Ba3 $142 Be4 81. Bc1 Kg7 82. Kg5 Kg8 83. h6 Nf8 84. Ba3 Nxg6 85. Nxg6) 80... Bxg6 81. Nxg6+ Kh7 82. Kg5 Nc5 83. Nf8+ Kg8 84. Ng6 $2 (84. h6 {NOTEXT} Ne4+ 85. Kg6 Kxf8 86. Ba3+ Ke8 87. h7 Nf2 88. h8=Q+ Kd7 89. Qd4+ Kc8 90. Qxf2) 84... Ne4+ $2 {[%mdl 8192]} (84... Kh7 $11 85. Nf8+ Kg8 86. h6 Kf7 87. h7 Kxf8 88. h8=Q+ Ke7 89. Ba3 Kd7 90. Bxc5 Kc6) 85. Kh4 (85. Kf5 $142 Ng3+ 86. Kg4 Nxh5 87. Kxh5 Kf7 88. Bb2 Ke8 89. Ne5 Kd8 90. Kg6) 85... Kh7 86. Ne5 Nf6 87. Nf3 Nxh5 88. Kxh5 Kg7 89. Kg5 Kf7 90. Kf5 Ke7 91. Ke5 Kd7 92. Kd5 Kc7 93. Kc5 Kd7 94. Ng5 Ke7 95. Bb2 Kd8 96. Kd6 Kc8 97. Kc6 Kd8 98. Ba3 Ke8 99. Kd6 Kd8 100. Bc5 Kc8 101. Kc6 Kd8 102. Nf3 Ke8 103. Ne5 Kd8 104. Bd6 Ke8 105. Kd5 Kd8 106. Nd3 Kd7 107. Nc5+ Ke8 108. Ke6 Kd8 109. Bf4 Kc8 110. Kd5 Kd8 111. Kd6 Ke8 112. Ke6 Kd8 113. Kd6 Ke8 $1 114. Ne4 (114. Bg5 $142 Kf7 115. Be7 Ke8 116. Na6 Kf7 117. Nc7 Kg6 118. Ke6 Kh6 119. Kf5) 114... Kd8 115. Bg5+ Kc8 116. Kc6 Kb8 117. Nc5 Ka7 118. Nd7 Ka6 119. Nc5+ Ka7 120. Bf4 Ka8 121. Na4 Ka7 {[#]} 122. Nb6 $2 ({White must play} 122. Nc3 $1 $18) 122... Ka6 $11 {The position is equal.} 123. Bb8 Ka5 124. Bd6 Ka6 125. Nd5 Ka7 126. Be5 Ka8 127. Bd4 Kb8 128. Nc7 (128. Kd7 {keeps more tension.} Kb7 129. Nc7 Kb8 130. Nb5 Kb7 131. Bc3) 128... Kc8 129. Ba7 Kd8 130. Nd5 Ke8 131. Kd6 Kf7 132. Ne3 Kf6 133. Kd5 (133. Nf5 $5 Kxf5 $11) 133... Ke7 134. Bc5+ Kd7 135. Bd6 Kc8 136. Ke4 {Precision: White = 60%, Black = 29%.} (136. Bc7 $5 Kxc7 $11) 1/2-1/2

[Event "Turkey IS Bank Super League 2017"]
[Site "Darica-Kocaeli"]
[Date "2017.07.27"]
[Round "2.48"]
[White "Gundogan, Sinem Cagla"]
[Black "Kargaci, Humeyra"]
[Result "1-0"]
[WhiteElo "2000"]
[BlackElo "1737"]
[Annotator "NA"]
[PlyCount "117"]
[EventType "team-tourn"]
[EventCountry "TUR"]
[SourceTitle "playchess.com"]
[Source "ChessBase"]
[SourceQuality "1"]
[TimeControl "40/5400+30:1800+30"]

1. e4 {[%emt 0:00:30]} e5 {[%emt 0:01:00]} 2. Nf3 {[%emt 0:00:30]} Nc6 {[%emt 0:00:30]} 3. Bc4 {[%emt 0:00:30]} Bc5 {[%emt 0:00:30]} 4. c3 {[%emt 0:00:30]} Nf6 {[%emt 0:00:30]} 5. d3 {[%emt 0:00:30]} a6 {[%emt 0:00:00]} 6. Bb3 {[%emt 0:00:30]} d6 {[%emt 0:00:00]} 7. Nbd2 {[%emt 0:00:30]} Ba7 {[%emt 0:00:30]} 8. h3 {[%emt 0:02:30] LiveBook: 458 Games} h6 {[%emt 0:00:30]} 9. Nf1 {[%emt 0:00:30]} Be6 {[%emt 0:00:30]} 10. Bc2 {[%emt 0:00:30]} d5 {[%emt 0:02:30]} 11. Qe2 {[%emt 0:02:30]} Qd7 $11 {[%emt 0:13:30] [%clk 1:12]} 12. Ng3 {[%emt 0:03:30]} dxe4 {[%emt 0:04:30]} 13. dxe4 {[%emt 0:01:30]} O-O {[%emt 0:03:30]} 14. Nh4 {[%emt 0:11:30]} Ne7 {[%emt 0:02:30]} 15. Qf3 {[%emt 0:03:30]} Kh7 {[%emt 0:15:30]} 16. O-O {[%emt 0:10:30]} Rad8 {[%emt 0:07:30]} 17. Nhf5 {[%emt 0:01:30]} Nxf5 {[%emt 0:00:30]} 18. Nxf5 {[%emt 0:00:30]} Bxf5 {[%emt 0:00:30]} 19. exf5 {[%emt 0:01:30]} Qd5 {[%emt 0:01:30]} 20. Qe2 {[%emt 0:15:30]} e4 {[%emt 0:03:30]} 21. Bf4 {[%emt 0:03:30]} Qxf5 {[%emt 0:07:30]} 22. Bxc7 {[%emt 0:00:30]} Rd7 {[%emt 0:00:30]} 23. g4 {[%emt 0:16:30]} Qg5 {[%emt 0:11:30]} 24. Bg3 {[%emt 0:00:30]} Re8 {[%emt 0:00:30]} 25. Rad1 {[%emt 0:00:30]} Rde7 {[%emt 0:00:30]} 26. Kh2 {[%emt 0:00:30]} Kg8 {[%emt 0:00:30]} 27. Rfe1 {[%emt 0:00:30]} Qb5 {[%emt 0:00:30]} 28. Qxb5 {[%emt 0:00:30]} axb5 {[%emt 0:00:30]} 29. a4 {[%emt 0:07:50]} bxa4 {[%emt 0:08:20]} 30. Bxa4 {[%emt 0:00:30]} Ra8 {[%emt 0:00:53]} 31. Bb3 {[%emt 0:01:35]} Bb8 {[%emt 0:00:30]} 32. Rd8+ {[%emt 0:00:30]} Re8 {[%emt 0:00:30]} 33. Rxe8+ {[%emt 0:00:30]} Nxe8 {[%emt 0:00:30]} 34. Rxe4 {[%emt 0:00:30]} Bxg3+ {[%emt 0:00:30]} 35. Kxg3 {[%emt 0:00:30]} Kf8 {[%emt 0:00:30]} 36. Rb4 {[%emt 0:00:30]} Nd6 {[%emt 0:00:30]} 37. Bd5 {[%emt 0:00:30]} Rb8 {[%emt 0:00:30]} 38. c4 {[%emt 0:01:23]} Rc8 {[%emt 0:02:00]} 39. b3 {[%emt 0:00:00]} Ke7 {[%emt 0:00:00]} 40. Bxb7 {[%emt 0:00:00]} Rb8 {[%emt 0:02:17]} 41. c5 {[%emt 0:07:12]} Nxb7 {[%emt 0:00:30]} 42. c6 {[%emt 0:01:30]} Rc8 {[%emt 0:00:30]} 43. Rxb7+ {[%emt 0:00:30]} Ke6 {[%emt 0:00:30]} 44. Rb6 {[%emt 0:01:30]} Kd6 {[%emt 0:00:30]} 45. b4 {[%emt 0:07:30]} Kc7 {[%emt 0:00:30]} 46. Rb7+ {[%emt 0:01:30]} Kxc6 {[%emt 0:00:30]} 47. Rxf7 {[%emt 0:00:30]} Rg8 {[%emt 0:00:30]} 48. Kf4 {[%emt 0:00:30]} Kb5 {[%emt 0:00:30]} 49. Kf5 {[%emt 0:00:30]} g6+ {[%emt 0:00:30]} 50. Kf6 {[%emt 0:00:30]} h5 {[%emt 0:00:30]} 51. g5 {[%emt 0:02:30]} Kxb4 {[%emt 0:00:30]} 52. Rg7 {[%emt 0:00:30]} Rf8+ {[%emt 0:00:30]} 53. Kxg6 {[%emt 0:00:30]} h4 {[%emt 0:00:00]} 54. Rf7 {[%emt 0:00:30]} Ra8 {[%emt 0:01:00]} 55. Kh5 {[%emt 0:00:30]} Rh8+ {[%emt 0:00:30]} 56. Kg4 {[%emt 0:01:30]} Kc5 {[%emt 0:00:00]} 57. f4 {[%emt 0:00:30]} Kd6 {[%emt 0:00:00]} 58. f5 {[%emt 0:00:30]} Ke5 {[%emt 0:00:30]} 59. g6 {[%emt 0:00:30]} 1-0

[Event "Turkey IS Bank Super League 2017"]
[Site "Darica-Kocaeli"]
[Date "2017.07.29"]
[Round "4"]
[White "Korobov, Anton"]
[Black "Ertan, Can"]
[Result "1-0"]
[WhiteElo "2668"]
[BlackElo "2377"]
[Annotator "TA"]
[PlyCount "71"]
[EventType "team-tourn"]
[EventCountry "TUR"]
[SourceTitle "playchess.com"]
[Source "ChessBase"]
[SourceQuality "1"]

{[%evp 16,71,28,53,47,16,98,103,101,98,95,87,112,108,121,62,70,65,56,59,68,52,70,74,97,69,56,41,52,23,47,0,104,124,123,138,132,128,132,154,154,103,250,233,853,872,862,852,29994,29995,29995,29994,29994,29995,29995,29996,29998,29999]} 1. d4 Nf6 2. c4 e6 3. Nf3 b6 4. a3 Bb7 5. Nc3 d5 6. cxd5 Nxd5 7. Qc2 Nd7 8. Nxd5 exd5 9. Bg5 {LiveBook: 22 Games. E12: Queen's Indian: Unusual White 4th moves, 4 a3, 4 Nc3 Bb7 5 a3 and 4 Nc3 Bb7} Qc8 10. Qc3 $146 (10. e3 {is interesting.} c5 11. Bd3 h6 12. Bf4 Be7 13. Bf5) ({Predecessor:} 10. g3 Bd6 11. Bh3 O-O 12. Qf5 Nb8 13. Rc1 Na6 14. Bf4 Qxf5 15. Bxf5 Bxf4 16. gxf4 c5 17. dxc5 bxc5 {1-0 (73) Yevseev,D (2589)-Iljushin,A (2553) Krasnoyarsk 2003}) 10... Nf6 (10... Bd6 $11 {remains equal.}) 11. Bxf6 $16 {White is better.} gxf6 12. g3 Bd6 13. e3 O-O 14. Bd3 c5 15. O-O (15. Qc2 $16) 15... c4 $14 16. Bb1 Qg4 $1 {[%cal Rg4f3]} 17. Nh4 {[%cal Bf3h4,Bh4g2,Bg2e3,Be3f5][%mdl 32] Black must now prevent Nf5.} Bc8 18. b3 Kh8 19. bxc4 Rg8 20. Ng2 Ba6 21. Bd3 $40 {[%mdl 128] Black needs to defend precisely.} dxc4 22. Bc2 Bb7 {And now ...Qf3 would win.} 23. e4 Rg5 (23... Bxe4 $2 24. f3 $18) (23... Qh3 $11) 24. f4 $16 Rg6 {[#]} 25. Ne3 $1 {[%cal Re3g4]} Qh3 {Strongly threatening ...Rxg3+!} 26. Nf5 (26. Qxc4 Rag8 $16) (26. Nxc4 Rc8 $17) 26... Rag8 {[#]} 27. Rf3 $1 ({But not} 27. Nxd6 $6 Rxg3+ 28. hxg3 Rxg3+ 29. Qxg3 Qxg3+ 30. Kh1 Qh3+ 31. Kg1 Qg4+ 32. Kh1 Qh3+ 33. Kg1 Qg4+ 34. Kh1 Qh3+ $11) ({Much weaker is} 27. Qxc4 $6 Bc8 $11) 27... Bb8 28. Qxc4 ({White should play} 28. Raf1) 28... Rc8 (28... Bc8 $16 {is a better defense.}) 29. Qxf7 {Threatens to win with Rc3!} Ba6 $2 (29... Qh5 30. Qxb7 Rxc2) 30. Bb3 $18 Qg4 {[#]} 31. Rc3 $1 {[%mdl 512] White threatens Rxc8+ and mate.} Rxc3 32. Qf8+ {White mates.} Rg8 33. Qxf6+ Rg7 34. Qf8+ Rg8 35. Bxg8 Bd6 36. Qf6+ {Precision: White = 67%, Black = 45%.} 1-0